000 00411nam a22001697a 4500
003 MPLRDC
005 20220104143332.0
008 210129b ||||| |||| 00| 0 eng d
082 _a880 TGNF-12
100 _a屠格涅夫
245 _a多余人日记
_c海岑译
260 _a
_b平明出版社
_c1954
300 _b
490 _a新译文丛刊
650 _a俄国文学
942 _cBK
_o880 TGNF-12
999 _c38918
_d38908